Hz. Fatıma - Peygamberimiz'in İzinde 40 Sahabi/15 (Kayıt no. 1262841)

MARC ayrıntıları
000 -LEADER
sabit uzunluktaki kontrol alanı 00312nam a2200109Ia 4500
001 - KONTROL NUMARASI
kontrol alanı 1262841
005 - EN SON İŞLEMİN TARİH VE ZAMANI
kontrol alanı 20260417141837.0
008 - SABİT-UZUNLUKTA VERİ ÖĞELERİ--GENEL BİLGİ
sabit uzunluktaki kontrol alanı 260417s9999 xx 000 0 und d
020 ## - ULUSLARARASI STANDART KİTAP NUMARASI
Uluslararası Standart Kitap Numarası 9789754739602
245 #0 - ESER / YAZAR
ESER ADI Hz. Fatıma - Peygamberimiz'in İzinde 40 Sahabi/15
Yazar Adı Hatice Uluışık
260 ## - YAYIN, DAĞITIM, VB.
YAYIN EVİ Beyan Yayınları
Mevcut
Düşüm durumu Kayıp durumu Hasar Durumu Ödünç verilmez Ana kütüphane Geçerli Kütüphane Edinilen tarih Toplam ödünç verme sayısı Barkod Son görüntüleme tarihi Fiyatın geçerli olmaya başladığı tarih Koha materyal türü
        ASELSAN KONYA MESLEKİ VE TEKNİK ANADOLU LİSESİ ASELSAN KONYA MESLEKİ VE TEKNİK ANADOLU LİSESİ 17.04.2026   1111118 17.04.2026 17.04.2026 Kitaplar
Gemini Bilgi Teknolojileri A.Ş. tarafından düzenlenmiştir.